000 00324nam a2200133Ia 4500
008 200103s9999||||xx |||||||||||||| ||und||
040 _aIMU-MPC
082 _aColumn-17
100 _aBenrey, Ronald M.
245 0 _aUnderstanding Digital Computers
260 _bIliffe Books Ltd, London
_c1967
300 _a166
942 _cBK
999 _c6163
_d6163